000 00416nam a2200157Ia 4500
003 OSt
005 20230526104600.0
008 211028s2017 xx 000 0 und d
040 _cAIMIT LIBRARY
041 _aeng
100 _aLobo, Elvis; Nausheeda, BS.
_98690
_e151910
110 _aNausheeda BS
_98691
245 _aSales bridge: distributor management system.
260 _aMangalore
_c2017
942 _2ddc
_cPRO
999 _c220014
_d220014